| 000 | 00445nam a22001817a 4500 | ||
|---|---|---|---|
| 003 | LK-CoDNM | ||
| 005 | 20250107100335.0 | ||
| 008 | 250102b |||||||| |||| 00| 0 eng d | ||
| 040 |
_aLK-CoDNM _dLK-CoDNM _eLK-CoDNM |
||
| 041 | _aeng | ||
| 080 |
_a4 _bH19 |
||
| 245 | _aReptiles and Amphibians | ||
| 260 |
_aChicago _bAlbert Whitman & co. _c1939 |
||
| 300 | _bxii, 253p. : ill ; 26 cm | ||
| 650 | _aScience | ||
| 650 | _a1939 | ||
| 942 | _cBK | ||
| 999 |
_c235168 _d235168 |
||